000 00905cam a2200349 4500500
005 20260329005033.0
041 _afre
042 _adc
100 1 0 _aEltchaninoff, Michel
_eauthor
245 0 0 _aDans la tête de Poutine en Ukraine
260 _c2022.
500 _a16
690 _aBerdiaev
690 _aConservatisme
690 _aDiscours
690 _aDoctrine
690 _aEmpire
690 _aFolie
690 _aGuerre
690 _aHistoire
690 _aInvasion
690 _aMichel Eltchaninoff
690 _aParanoïa
690 _aPassion
690 _aPoutine
690 _aRussie
690 _aUkraine
690 _aURSS
690 _aVolodymyr Zelensky
786 0 _nPhilosophie magazine | 158 | 4 | 2022-04-01 | p. 24-26 | 1951-1787
856 4 1 _uhttps://shs.cairn.info/magazine-philosophie-magazine-2022-4-page-24?lang=fr&redirect-ssocas=7080
999 _c1839685
_d1839685